| 000 | 00599nam a22002057a 4500 | ||
|---|---|---|---|
| 999 |
_c173991 _d173991 |
||
| 005 | 20200313144340.0 | ||
| 010 | _aENG-128027 | ||
| 020 |
_a9789353942656 _c379.00 |
||
| 035 | _aEN-111559 | ||
| 037 | _bDBAD/PUB | ||
| 082 | _a531 | ||
| 100 | _aK.Sivakumar | ||
| 245 |
_aPhysics of Materials _cby K.Sivakumar [and] K.Sakthivel |
||
| 250 | _a4th. | ||
| 260 |
_aNoida _bPearson _c2020 |
||
| 270 |
_a15th floor,Tower-B,World Trade Tower,plot no.1,Block-c,sector 16 _bNoida _e201301 |
||
| 300 |
_avarious pages _c24cm(pbk) |
||
| 700 | _aSakthivel,K | ||
| 942 |
_2ddc _cEN _h531 _mSIV |
||